| 000 | 01316nam a22002417a 4500 | ||
|---|---|---|---|
| 999 |
_c164378 _d164378 |
||
| 005 | 20201127113051.0 | ||
| 010 | _aHIN-116149 B-734066-070 | ||
| 020 |
_c400.00 _a9789383555086 |
||
| 035 | _aHN-88495 | ||
| 035 | _aB-734066-070 | ||
| 037 | _bDBAD/PUB | ||
| 037 | _bआकाश गंगा पब्लिकेशन | ||
| 082 | _a954.13 | ||
| 100 | _aभाटिया,सुदर्शन | ||
| 245 |
_aगंगा-युमना केदारनाथ त्रासदी / _cसुदर्शन भाटिया |
||
| 246 | _aGaga-Yamuna Kedarnath Trasdi / | ||
| 260 |
_aदिल्ली _bआकाश गंगा पब्लिकेशन _c2020 |
||
| 270 |
_a30/83,गली न-7,विश्वास नगर, शाहदरा, _bदिल्ली _e110032 _k0-8010236707 _maakashgangapublication@gmail.com |
||
| 300 |
_a144पृ. _c22सेमी.(सजिल्द) |
||
| 500 | _aAIRPORT | ||
| 942 |
_2ddc _cHN _h954.13 _mभाटिया |
||